00474 a2200145 4500003000500000020001500005038002100020082002500041100003800066245009100104260004200195300004200237563000800279650004100287NUST a8170622468 aMuhammad Ibrahim a355.33041 bNEW 1992 aNewman, Maj. Gen. Aubrey S. "Red" aFollow Me II More on the Human Element in LeadershipcMaj. Gen. Aubrey S. "Red" Newman aIslamabad :bService Book Club,c1992 axii, 267p. :bill ., pics., ;c21 cm aH.B aMilitary Leadership -- Human Element